000 00678nam a2200229Ia 4500
003 OSt
005 20220923225607.0
006 a|||||r|||| 00| 0
007 ta
008 220922b |||||||| |||| 00| 0 rus d
024 _a272,245
037 _cTextual
040 _aARTS
_cARTS
_brus
041 _2rus
_arus
082 _aO142,3N06,1, 153L7
100 _aਪੋਲੇਵੋਈ, ਬੋਰਿਸ
_9156369
245 0 _aਅਮਲੀ ਇਨਸਾਨ ਦੀ ਕਹਾਣੀ
260 _c1977
650 _aਰਾFੀਅਨ ਸਾਹਿਤ
942 _hO142,3N06,1, 153L7
_cTEXL
_2CC
999 _c379334
_d379334